| 000 | 00000nam##2200000za#4500 |
| 001 | 9.644219 |
| 003 | CaOODSP |
| 005 | 20210624224537 |
| 007 | cr ||||||||||| |
| 008 | 150407|1957||||xxc|||||o f|0| 0 fre|d |
| 040 | |aCaOODSP|bfre |
| 043 | |an-cn--- |
| 086 | 1 |aA43-1012/1957F-PDF |
| 110 | 1 |aCanada.|bAgriculture Canada. |bService de l'information. |
| 245 | 10|aLes poux et les acariens des volailles – comment les détruire / |h[ressource électronique]|c[par] P.E. Morrison and R.P. Thompson. |
| 260 | |aOttawa - Ontario : |bAgriculture Canada. |c1957. |
| 300 | |a12p.|bill., tableaux |
| 500 | |aPublication historique numérisée par Agriculture et Agroalimentaire Canada. |
| 590 | |a15-02-Supp|b2015-02-16 |
| 720 | 1 |aMorrison, P. E. |
| 720 | 1 |aThompson, R. P. |
| 775 | 08|tLice and mites on chickens / |w(CaOODSP)9.700322 |
| 856 | 40|ahttp://publications.gc.ca|qPDF|s757 Ko|uhttps://publications.gc.ca/collections/collection_2015/aac-aafc/A43-1012-1957-fra.pdf |
| 986 | |aPublication 1012 |